|
|
|
|
| LEADER |
03838nam a22005415i 4500 |
| 001 |
978-3-319-28824-6 |
| 003 |
DE-He213 |
| 005 |
20160317023444.0 |
| 007 |
cr nn 008mamaa |
| 008 |
160317s2016 gw | s |||| 0|eng d |
| 020 |
|
|
|a 9783319288246
|9 978-3-319-28824-6
|
| 024 |
7 |
|
|a 10.1007/978-3-319-28824-6
|2 doi
|
| 040 |
|
|
|d GrThAP
|
| 050 |
|
4 |
|a GB3-5030
|
| 072 |
|
7 |
|a RB
|2 bicssc
|
| 072 |
|
7 |
|a TQ
|2 bicssc
|
| 072 |
|
7 |
|a SCI019000
|2 bisacsh
|
| 072 |
|
7 |
|a NAT011000
|2 bisacsh
|
| 082 |
0 |
4 |
|a 550
|2 23
|
| 245 |
1 |
0 |
|a Water, Food and Welfare
|h [electronic resource] :
|b Water Footprint as a Complementary Approach to Water Management in Mexico /
|c edited by Rosario Pérez-Espejo, Roberto M. Constantino-Toto, Hilda R. Dávila-Ibáñez.
|
| 250 |
|
|
|a 1st ed. 2016.
|
| 264 |
|
1 |
|a Cham :
|b Springer International Publishing :
|b Imprint: Springer,
|c 2016.
|
| 300 |
|
|
|a XVII, 252 p. 76 illus., 4 illus. in color.
|b online resource.
|
| 336 |
|
|
|a text
|b txt
|2 rdacontent
|
| 337 |
|
|
|a computer
|b c
|2 rdamedia
|
| 338 |
|
|
|a online resource
|b cr
|2 rdacarrier
|
| 347 |
|
|
|a text file
|b PDF
|2 rda
|
| 490 |
1 |
|
|a SpringerBriefs in Environment, Security, Development and Peace,
|x 2193-3162 ;
|v 23
|
| 505 |
0 |
|
|a The contemporary model for water management and the alternative approaches -- Socioeconomic framework -- Water policy and institutions -- Water use for food purposes -- Water resources inventory and implications of irrigation modernization -- Manifestations of welfare loss -- Prices and water -- A strategy with limited effectiveness -- Water use pattern -- Change in the dietary pattern and water security -- Hydrological Stress and Pressures on Water Availability -- Problems associated to groundwater management -- Vulnerability and Climate Change -- Water demand of major crops -- A methodology -- Gray water footprint and water pollution -- Gray footprint and mining -- Impact of metal extraction on water -- Considerations on virtual water and agri-food trade -- Water footprint of four cereals in Irrigated District 011 -- Forage water footprint in the Comarca Lagunera -- Water footprint in livestock -- Water footprint of bottled drinks of and food security.
|
| 520 |
|
|
|a This book addresses the following topics: the contemporary model for water management and alternative approaches; the socioeconomic framework, water policy and institutions; water use for food purposes, water-resources inventory and irrigation; manifestations of welfare loss and water prices; change in dietary patterns and water security; hydrological stress and pressures on water availability; groundwater management problems; vulnerability and climate change; water demand of major crops; gray water footprint and water pollution; gray water footprint and mining; virtual water and food trade; estimates of the water footprint of four key cereals, forage, livestock and bottled drinks. It is the result of a cooperation between 16 researchers from eleven Mexican academic institutions.
|
| 650 |
|
0 |
|a Earth sciences.
|
| 650 |
|
0 |
|a Environmental management.
|
| 650 |
|
0 |
|a Climate change.
|
| 650 |
|
0 |
|a Physical geography.
|
| 650 |
1 |
4 |
|a Earth Sciences.
|
| 650 |
2 |
4 |
|a Earth System Sciences.
|
| 650 |
2 |
4 |
|a Water Policy/Water Governance/Water Management.
|
| 650 |
2 |
4 |
|a Climate Change Management and Policy.
|
| 700 |
1 |
|
|a Pérez-Espejo, Rosario.
|e editor.
|
| 700 |
1 |
|
|a Constantino-Toto, Roberto M.
|e editor.
|
| 700 |
1 |
|
|a Dávila-Ibáñez, Hilda R.
|e editor.
|
| 710 |
2 |
|
|a SpringerLink (Online service)
|
| 773 |
0 |
|
|t Springer eBooks
|
| 776 |
0 |
8 |
|i Printed edition:
|z 9783319288222
|
| 830 |
|
0 |
|a SpringerBriefs in Environment, Security, Development and Peace,
|x 2193-3162 ;
|v 23
|
| 856 |
4 |
0 |
|u http://dx.doi.org/10.1007/978-3-319-28824-6
|z Full Text via HEAL-Link
|
| 912 |
|
|
|a ZDB-2-EES
|
| 950 |
|
|
|a Earth and Environmental Science (Springer-11646)
|